| 000 | 00617cam a2200145 4500500 | ||
|---|---|---|---|
| 005 | 20260208010911.0 | ||
| 041 | _afre | ||
| 042 | _adc | ||
| 100 | 1 | 0 |
_aDubray, Jean _eauthor |
| 245 | 0 | 0 | _aJulien Cheverny, L’Interdit sexuel. Les jeux du relatif et du variable, Paris, Hermann, coll. « Philosophie », deux volumes de 292 p. et 353 p., 32 € chacun. |
| 260 | _c2016. | ||
| 500 | _a5 | ||
| 786 | 0 | _nRevue philosophique de la France et de l'étranger | 141 | 1 | 2016-02-02 | p. 91y-134y | 0035-3833 | |
| 856 | 4 | 1 | _uhttps://shs.cairn.info/revue-philosophique-2016-1-page-91y?lang=fr&redirect-ssocas=7080 |
| 999 |
_c1658760 _d1658760 |
||